| 000 | 00681nam a2200193Ii 4500 | ||
|---|---|---|---|
| 003 | JO-AjNU | ||
| 008 | 230605s9999||||xx |||||||||||||| ||und|| | ||
| 040 |
_aJO-AjNU _bara _erda _cJO-AjNU |
||
| 041 | _aara | ||
| 050 | 1 | 4 | _aHM19 .M8 1976 |
| 100 | 3 |
_aمحمد، محمد علي, _eauthor _916731 |
|
| 245 | 0 | 0 | _aرواد علم الاجتماع: قراءة جديدة للفكر الاجتماعي الغربي |
| 264 | 3 | 1 | _aالاسكندرية: الهيئة المصرية العامة، 1976 |
| 300 | _a281ص | ||
| 336 |
_atext _btxt _2rdacontent |
||
| 337 |
_aunmediated _bn _2rdamedia |
||
| 338 |
_avolume _bnc _2rdacarrier |
||
| 650 | 4 |
_aعلم اجتماع - مدارس _916732 |
|
| 999 |
_aA5024 _c8592 _d8592 |
||